000 02349ncm0a2200457 4500
001 RU\NLR\ONIZ\224555
005 20260204000000.0
035 _a(NLR Aleph) 011903623
090 _a13516861
_c13516861
100 _a20181120d1960 u y0rusy50 ca
101 0 _akaz
_arus
102 _aKZ
125 _aax
135 _acrgn 008anaba
145 0 _ac
200 1 _aКазахские народные песни
_bНоты
_e[для голоса с фортепиано]
_fмуз. редактор Б. Гизатов
210 _aАлма-Ата
_cКазгослитиздат
_d1960
215 _a177, [3] с.
_d29 см
300 _aИзд. на каз. яз.
300 _aТит. л. парал. каз., рус. яз.
313 _aСистематизация документа проведена по изданию - Методика классифицирования музыкальных произведений (нотных изданий) по таблицам Библиотечно-библиографических классификаций : метод. рекомендации / Гос. б-ка СССР им. В.И. Ленина.- М., 1977. Индексу ББК методических рекомендаций присваивается код ББК для научных библиотек - LBC/SL
325 _aКопия доступна в Электрон. б-ке РНБ
606 1 _aМузыкальный фольклор
_yКазахстан
_2nlr_sh
620 _dАлмата
686 _aЩ92(5Каз)я43
_vLBC/SL
_2rubbk
702 1 _9z01790
_aГизатов
_bБ. Г.
_f1925-
_gБисенгали Гизатович
_4340
_7ca
790 1 _9z01702
_aGizatov
_bB. G.
_f1925-
_gBisengali Gizatovič
_4340
_7ba
801 0 _aRU
_bNLR
_c20181120
_gPSBO
801 1 _aRU
_bNLR
_c20181120
_2rusmarc
801 2 _aRU
_bNLR
_c20181120
852 _aNLR
_gМ
_j129-3/К.143
_m155401
_t1
856 0 _uhttp://vivaldi.nlr.ru/bn000010796/view
856 1 _uhttp://vivaldi.nlr.ru/bn000010796/cover
856 2 _uhttp://vivaldi.nlr.ru/bn000010796/text
942 _cSCORE
980 _aONIZ
980 _aNB
981 2 4 _a(24) Нотные издания и аудиозаписи
_b(24) Фольклор